| 000 | 00850nab#a2200277#c#4500 | ||
|---|---|---|---|
| 999 |
_c19132 _d19132 |
||
| 003 | IEF | ||
| 005 | 20191204135147.0 | ||
| 008 | 950704s1976 ESP|| #####0 b|SPA|u | ||
| 040 |
_aIEF _cES-MaIEF |
||
| 041 | _aSPA | ||
| 100 | 1 |
_aBraña Pino, Francisco Javier _97206 |
|
| 245 |
_aNotas críticas a propósito de la obra de J. Acosta _b"El desarrollo capitalista y la democracia en España" _c Javier Braña, Mikel Buesa y José Molero |
||
| 260 | _c1976 | ||
| 500 | _aBibliografía | ||
| 650 | 4 |
_aCAPITALISMO _933520 |
|
| 650 | 4 |
_aESPAÑA _941092 |
|
| 650 | 4 |
_aDEMOCRACIA _941808 |
|
| 650 | 4 |
_aHISTORIA _945399 |
|
| 650 | 4 |
_aSIGLO XIX _948415 |
|
| 700 | 1 |
_aBuesa Blanco, Mikel _97839 |
|
| 700 | 1 |
_aMolero Zayas, José _929900 |
|
| 773 | 0 |
_tHacienda pública española _w34570 _g38, p. 243-253 |
|
| 942 | _2udc | ||
| 942 | _2udc | ||